• Beltramo Anna e Carlo, Gualchi Marinella e Enrico

di Personal Name

Records bibliografici associati: 1

001 - CONTROL NUMBER

  • control field: 58563

003 - CONTROL NUMBER IDENTIFIER

  • control field:

005 - DATE AND TIME OF LATEST TRANSACTION

  • control field: 20201005152354.0

008 - FIXED-LENGTH DATA ELEMENTS

  • fixed length control field: 201005|| aca||aabn | a|a d

040 ## - CATALOGING SOURCE

  • Original cataloging agency:
  • Transcribing agency:

100 ## - HEADING--PERSONAL NAME

  • Personal name: Beltramo Anna e Carlo, Gualchi Marinella e Enrico

670 ## - SOURCE DATA FOUND

  • Source citation: Work cat.: (): Beltramo Anna e Carlo, Gualchi Marinella e Enrico, Io accolgo te. Primo dossier 2020 sulla preparazione al matrimonio, 2020
CREDITS: SOCIETA' SAN PAOLO Via A.Severo, 58 - ROMA (RM) & PERIODICI SAN PAOLO SRL Via Giotto, 36 MILANO & CISF Via Giotto, 36 MILANO & EDIZIONI SAN PAOLO SRL,  Piazza Soncino, 5 CINISELLO BALSAMO (MI) -- ITALY